000 00391 a2200133 4500
001 90565
082 _aPR 977
090 _c42901
_d42901
100 _aTariq Jalil; Salman Absar, advisors
245 _aThrust estimation of J-69 engine on test bed using pressure probes
_nG-28
260 _aKarachi
_bNED University
_c1988
300 _aiv, 80 p.
_bhand written
500 _aBE Project Reports
942 _aCAE NUST
_kPR 977
999 _c325638
_d325638